01488nam a2200277 a 450000100100000000500170001000800410002704000250006808200150009310000270010824501510013526000490028630000200033549000690035549000280042450000740045250000760052650400330060270000440063571000510067983000770073083000360080795201720084395201780101599900170119300004585820240307073949.0150522s1989 dr 000 0 spa d aDO-SdBNPbspacBNPHU axxxxbxxxx1 aGrullón, Ivan97392813aLa matanza de los haitianos en El Masacre se pasa a pie y mi compadre el General Sol /cIván Grullón ; presentación José Dionicio Taveras. aSanto Domingo :bUniversitaria, UASD,c1989. a49 P. ;c21 cm.1 aPublicaciones de la Universidad Autónoma de Santo Domingov6081 aHistoria y sociedadv84 aIncluye referencias bibliográficas y notas al pie de las páginas. aIncluye datos biográficos del autor en la solapa de la contracubierta aBibliografía : p. 49, [50]12aTaveras, José Dionicio,epres.97392912aUniversidad Autónoma de Santo Domingo972951 0aPublicaciones de la Universidad Autónoma de Santo Domingo.n608973930 0aHistoria y sociedad.v84913749 0010718PDaPDbPDcCTd2015-05-22iLF1l0oxxxx xxxxp45858-10r2020-06-25w2020-06-25yLFPDzPerteneció a la biblioteca personal de Erick Landestoy.ZNo se presta 0010718PDaPDbPDcCTd2015-06-16iLF1l0oxxxx xxxxp45858-20r2020-06-25te. 2w2020-06-25yLFPDzPerteneció a la biblioteca personal de Erick Landestoy.ZNo se presta c45347d45347